Swift 5 for Absolute Beginners : (Record no. 227271)
[ view plain ]
| 000 -LEADER | |
|---|---|
| fixed length control field | 03218nam a22005295i 4500 |
| 001 - CONTROL NUMBER | |
| control field | ssj0002208397 |
| 003 - CONTROL NUMBER IDENTIFIER | |
| control field | WaSeSS |
| 005 - DATE AND TIME OF LATEST TRANSACTION | |
| control field | 20230425152608.0 |
| 006 - FIXED-LENGTH DATA ELEMENTS--ADDITIONAL MATERIAL CHARACTERISTICS | |
| fixed length control field | m d |
| 007 - PHYSICAL DESCRIPTION FIXED FIELD--GENERAL INFORMATION | |
| fixed length control field | cr n |
| 008 - FIXED-LENGTH DATA ELEMENTS--GENERAL INFORMATION | |
| fixed length control field | 190626s2019 xxu| o |||| 0|eng d |
| 020 ## - INTERNATIONAL STANDARD BOOK NUMBER | |
| International Standard Book Number | 9781484248676 |
| 024 7# - OTHER STANDARD IDENTIFIER | |
| Standard number or code | 10.1007/978-1-4842-4868-3 |
| Source of number or code | doi |
| 040 ## - CATALOGING SOURCE | |
| Modifying agency | WaSeSS |
| Transcribing agency | AIMIT LIBRARY |
| 050 #4 - LIBRARY OF CONGRESS CALL NUMBER | |
| Classification number | QA76.8.M3 |
| 050 #4 - LIBRARY OF CONGRESS CALL NUMBER | |
| Classification number | QA76.774.I67 |
| 072 #7 - SUBJECT CATEGORY CODE | |
| Subject category code | UMQ |
| Source | bicssc |
| 072 #7 - SUBJECT CATEGORY CODE | |
| Subject category code | COM051370 |
| Source | bisacsh |
| 072 #7 - SUBJECT CATEGORY CODE | |
| Subject category code | UMQ |
| Source | thema |
| 072 #7 - SUBJECT CATEGORY CODE | |
| Subject category code | ULH |
| Source | thema |
| 082 04 - DEWEY DECIMAL CLASSIFICATION NUMBER | |
| Classification number | 621.3821 |
| Edition number | 5 |
| Item number | KACS |
| 092 ## - LOCALLY ASSIGNED DEWEY CALL NUMBER (OCLC) | |
| Classification number | EBOOK |
| 999 ## - SYSTEM CONTROL NUMBERS (KOHA) | |
| Koha Dewey Subclass [OBSOLETE] | 03661792 |
| 100 1# - MAIN ENTRY--PERSONAL NAME | |
| Personal name | Kaczmarek, Stefan |
| 9 (RLIN) | 92836 |
| 245 10 - TITLE STATEMENT | |
| Title | Swift 5 for Absolute Beginners : |
| Remainder of title | Learn to develop apps for iOS / |
| Statement of responsibility, etc. | by Stefan Kaczmarek, Brad Lees and Gary Bennett. |
| 250 ## - EDITION STATEMENT | |
| Edition statement | 5th ed. |
| 260 ## - PUBLICATION, DISTRIBUTION, ETC. | |
| Place of publication, distribution, etc. | Berkeley, CA : |
| Name of publisher, distributor, etc. | Apress : |
| -- | Imprint: Apress, |
| Date of publication, distribution, etc. | 2019. |
| 300 ## - PHYSICAL DESCRIPTION | |
| Extent | xxi, 360 p. 272 illus. |
| Other physical details | PB : |
| Dimensions | 25.5 cm |
| 347 ## - DIGITAL FILE CHARACTERISTICS | |
| File type | text file |
| Encoding format | |
| Source | rda |
| 505 0# - FORMATTED CONTENTS NOTE | |
| Formatted contents note | Ch. 1: Becoming a Great iOS Developer -- Ch. 2: Programming Basics -- Ch. 3: It's All About the Data -- Ch. 4: Making Decisions, Program Flow, and App Design -- Ch. 5: Object-Oriented Programming with Swift -- Ch. 6: Learning Swift and Xcode -- Ch. 7: Swift Classes, Objects, and Methods -- Ch. 8: Programming Basics in Swift -- Ch. 9: Comparing Data -- Ch. 10: Creating User Interfaces -- Ch. 11: Storing Information -- Ch. 12: Protocols and Delegates -- Ch. 13: Introducing the Xcode Debugger -- Ch. 14: A Swift iPhone App -- Ch. 15: Apple Watch and WatchKit. |
| 506 ## - RESTRICTIONS ON ACCESS NOTE | |
| Terms governing access | Requires an SPL library card. |
| 520 ## - SUMMARY, ETC. | |
| Summary, etc. | Stay motivated and overcome obstacles while learning to use Swift Playgrounds and Xcode 10.2 to become a great iOS developer. This book, fully updated for Swift 5, is perfect for those with no programming background, those with some programming experience but no object-oriented experience, or those that have a great idea for an app but haven't programmed since school. Many people have a difficult time believing they can learn to write iOS apps. Swift 5 for Absolute Beginners will show you how to do so. You'll learn Object-Oriented Programming (OOP) and be introduced to User Interface (UI) design following Apple's Human Interface Guidelines (HIG) using storyboards and the Model-View-Controller (MVC) pattern before moving on to write your own iPhone and Apple Watch apps from scratch. |
| 538 ## - SYSTEM DETAILS NOTE | |
| System details note | Mode of access: World Wide Web. |
| 650 #0 - SUBJECT ADDED ENTRY--TOPICAL TERM | |
| Topical term or geographic name entry element | Apple computer |
| 9 (RLIN) | 92837 |
| 650 #0 - SUBJECT ADDED ENTRY--TOPICAL TERM | |
| Topical term or geographic name entry element | Programming languages |
| 9 (RLIN) | 92838 |
| 650 #0 - SUBJECT ADDED ENTRY--TOPICAL TERM | |
| Topical term or geographic name entry element | Computer programming |
| 9 (RLIN) | 92839 |
| 655 #7 - INDEX TERM--GENRE/FORM | |
| Genre/form data or focus term | Electronic books. |
| Source of term | local |
| 9 (RLIN) | 92840 |
| 700 1# - ADDED ENTRY--PERSONAL NAME | |
| Personal name | Lees, Brad |
| 9 (RLIN) | 92841 |
| 700 1# - ADDED ENTRY--PERSONAL NAME | |
| Personal name | Bennett, Gary |
| 9 (RLIN) | 92842 |
| 710 2# - ADDED ENTRY--CORPORATE NAME | |
| Corporate name or jurisdiction name as entry element | SpringerLink (Online service) |
| 9 (RLIN) | 92843 |
| 710 2# - ADDED ENTRY--CORPORATE NAME | |
| Corporate name or jurisdiction name as entry element | O'Reilly (Firm) |
| 9 (RLIN) | 92844 |
| 710 20 - ADDED ENTRY--CORPORATE NAME | |
| Corporate name or jurisdiction name as entry element | Serials Solutions |
| 9 (RLIN) | 92845 |
| 773 0# - HOST ITEM ENTRY | |
| Title | Springer eBooks |
| 856 40 - ELECTRONIC LOCATION AND ACCESS | |
| Link text | View this electronic item in O'Reilly Online Learning: Academic/Public Library Edition. |
| Uniform Resource Identifier | <a href="https://ezproxy.spl.org/login?url=https://learning.oreilly.com/library/view/~/9781484248683/?ar">https://ezproxy.spl.org/login?url=https://learning.oreilly.com/library/view/~/9781484248683/?ar</a> |
| Public note | An e-book available through full-text database. |
| 942 ## - ADDED ENTRY ELEMENTS (KOHA) | |
| Source of classification or shelving scheme | Dewey Decimal Classification |
| Koha item type | Book |
| Edition | 5th |
| Call number prefix | 621.3821 KACS |
| Withdrawn status | Lost status | Source of classification or shelving scheme | Damaged status | Not for loan | Collection code | Home library | Current library | Date acquired | Source of acquisition | Cost, normal purchase price | Inventory number | Total Checkouts | Full call number | Barcode | Date last seen | Cost, replacement price | Price effective from | Koha item type |
|---|---|---|---|---|---|---|---|---|---|---|---|---|---|---|---|---|---|---|
| Dewey Decimal Classification | MCA | St Aloysius Institute of Management & Information Technology | St Aloysius Institute of Management & Information Technology | 04/25/2023 | Biblios Book Point | 1499.00 | Bill no:8480; Bill dt :2023-03-2 | 621.3821 KACS | MCA17211 | 07/21/2025 | 1169.22 | 03/20/2023 | Book |